Joueur québécois dans la LNH - Statistiques

Statistiques générales
  • Ce quiz a été pris 90 fois
  • Le résultat moyen est 9 sur 22
Statistiques - réponses
Joueurs Équipes % Correct
Philippe Danault Canadiens Montréal
98%
Yanni Gourde Lightning Tampa Bay
78%
Anthony Beauvilier Islanders New-York
65%
Patrice Bergeron Bruins Boston
49%
Jonathan Marchesseault Golden Knights Las Vegas
49%
Jonathan Huberdeau Panthers Floride
49%
Samuel Girard Avalanche Colorado
46%
Mathieu Perreault Jets Winnipeg
46%
Thomas Chabot Sénateurs Ottawa
46%
David Perron Blues St-Louis
44%
Marc-Édouard Vlasic Sharks San Jose
44%
Maxime Comtois Ducks Anaheim
43%
Sean Couturier Flyers Philadelphie
43%
Anthony Mantha Red Wings Detroit
33%
Frédérik Gauthier Maple Leafs Toronto
29%
Pierre-Luc Dubois Blue Jackets Colombus
27%
Julien Gauthier Rangers New-York
27%
Alex Chiasson Oilers Edmonton
19%
Frédérik Gaudreau Prédateurs Nashville
19%
Alex Biega Canucks Vancouver
16%
Kris Letang Penguins Pitsburgh
8%
Corey Crawford Balckhawks Chicago
2%
Aucun quiz correspondant
Distribution des résultats
% des personnes avec chaque résultat
Percentile par nombre de réponses
Votre historique - résultats
Vous n’avez pas pris ce quiz